00000000nam##2200000za#4500
0019.663194
003CaOODSP
00520210615120933
007ta
008150407|2001||||xxc|||||     f|0| 0 fre|d
020 |a0-662-66128-1
040 |aCaOODSP|bfre
041 |aeng
041 |afre
043 |an-cn---
0861 |aH114-5/2001
1101 |aCanada.|bSanté Canada. |bAgence de réglementation de la lutte antiparasitaire.
24510|aAgence de réglementation de la lutte antiparasitaire: vue d'ensemble
260 |aOttawa - Ontario : |bSanté Canada. |c2001.
300 |aTexte français, 11p. ; |c28 cm.
546 |aBilingue
563 |aCouverture souple
590 |a01-42|b2001-10-19
69107|aOrganisme nuisible|2gcpds
69107|aPesticide|2gcpds
7760#|tL'Agence de réglementation de la lutte antiparasitaire : |w(CaOODSP)9.639667
7760#|tPest Management Regulatory Agency : |w(CaOODSP)9.695535
791 |tPest Management Regulatory Agency overview document |eeng|w(CaOODSP)9.663193